000 00681cam a2200193 i 4500
999 _c14241
_d14241
003 OSt
005 20260416155539.0
008 180822s2018 sz a b 001 0 eng
020 _a9783035611885
042 _apcc
050 0 0 _aNA2728
_b.B45 2018
082 0 4 _a720.2840285536
_223
100 1 _aBernstein, Phillip
_q(Phillip Gordon),
_d1957-
_eauthor.
245 1 0 _aArchitecture, design, data :
_bpractice competency in the era of computation /
_cPhillip G. Bernstein.
300 _a199 pages :
_billustrations (chiefly color) ;
_c24 cm
504 _aIncludes bibliographical references (pages 188-192) and index.
650 0 _aArchitectural design
_xData processing.
942 _2ddc